Statistics for First Lines of Harry Potter (Prisoner of Azkaban Movie)

Click here to take the quiz!

General Stats

  • This quiz has been taken 4,436 times
    (4,289 since last reset)
  • The average score is 10 of 15

Answer Stats

Quote Character % Correct
"Potter, Potter! Is it true you fainted?"Draco Malfoy
98%
"I'm warning you, Hermione, keep that bloody beast away from Scabbers."Ron Weasley
93%
"It's a cat Ronald, what do you expect?'Hermione Granger
90%
"Here, eat this, it'll help."Remus Lupin
88%
"Welcome, welcome, to another year of Hogwarts!"Dumbledore
88%
"Remus, Sirius! My old friends!"Peter Pettigrew
87%
"Lumos Maxima!"Harry Potter
82%
"Welcome to the Night Bus, emergency transport for the stranded witch or wizard."Stan Shunpike
79%
"No, only one will die tonight."Sirius Black
74%
"Oh, you're still here are you?"Marge Dursley
50%
"Harry! Harry! Harry! Open the door!"Aunt Petunia
49%
"Welcome, my children."Professor Trelawney
35%
"Uh, uh, I think so."Neville Longbottom
23%
"No, no, no, wait, wait, watch this!"Fat Lady
12%
"What is it?"Uncle Vernon
11%

Score Distribution

Percentile by Number Answered

Percent of People with Each Score

Your Score History

You have not taken this quiz since the last reset